| 000 | 00493 a2200169 4500 | ||
|---|---|---|---|
| 003 | OSt | ||
| 005 | 20231122102606.0 | ||
| 008 | 231122b |||||||| |||| 00| 0 eng d | ||
| 020 | _a9789383692248 | ||
| 040 | _coclc | ||
| 082 |
_a582.13 _bEAM/M |
||
| 100 |
_aEames, Arthur J _94812 |
||
| 245 |
_aMorphology of the angiosperms / _cArthur J Eames |
||
| 260 |
_aNew Delhi: _bUnited bookprints, _c2021. |
||
| 300 | _a518p | ||
| 942 |
_2ddc _cBK _h582.13 _iEAM/M _k582.13 _mEAM/M |
||
| 999 |
_c43652 _d43652 |
||